[Event "II Torneio Aberto Internacional de Xadrez de Ferreira do Alentejo"]
[Site "Ferreira do Alentejo - Portugal"]
[Date "2019.12.17"]
[Round "1.11"]
[White "Li, Zhuoling"]
[Black "Sousa, Diogo Miguel Braz"]
[Result "1-0"]
[BlackElo "1375"]
[WhiteElo "2158"]
[LiveChessVersion "1.4.8"]

1. e4 {[%clk 1:30:53]} e5 {[%clk 1:30:49]} 2. Nf3 {[%clk 1:31:12]} Nc6
{[%clk 1:31:08]} 3. Bb5 {[%clk 1:31:35]} d6 {[%clk 1:31:12]} 4. O-O
{[%clk 1:31:53]} Nf6 {[%clk 1:30:17]} 5. Re1 {[%clk 1:30:44]} Bd7
{[%clk 1:30:00]} 6. c3 {[%clk 1:30:52]} a6 {[%clk 1:29:43]} 7. Ba4
{[%clk 1:31:10]} g6 {[%clk 1:27:52]} 8. d4 {[%clk 1:28:00]} exd4 {[%clk 1:24:13]}
9. cxd4 {[%clk 1:25:28]} Be7 {[%clk 1:16:50]} 10. h3 {[%clk 1:23:32]} O-O
{[%clk 1:14:49]} 11. Nc3 {[%clk 1:23:02]} Bc8 {[%clk 1:06:53]} 12. Bh6
{[%clk 1:17:05]} Re8 {[%clk 1:04:45]} 13. d5 {[%clk 1:14:56]} b5 {[%clk 1:04:12]}
14. dxc6 {[%clk 1:14:52]} bxa4 {[%clk 1:04:05]} 15. Qxa4 {[%clk 1:15:10]} Be6
{[%clk 1:03:17]} 16. Nd4 {[%clk 1:12:39]} d5 {[%clk 0:59:56]} 17. Nxe6
{[%clk 1:08:01]} fxe6 {[%clk 0:59:20]} 18. exd5 {[%clk 1:06:13]} exd5
{[%clk 0:56:16]} 19. Rad1 {[%clk 1:03:21]} Bc5 {[%clk 0:49:12]} 20. Qf4
{[%clk 0:56:34]} Qd6 {[%clk 0:44:23]} 21. Qxd6 {[%clk 0:50:40]} Bxd6
{[%clk 0:42:39]} 22. Bg5 {[%clk 0:50:12]} d4 {[%clk 0:37:41]} 23. Bxf6
{[%clk 0:49:10]} dxc3 {[%clk 0:37:33]} 24. Bxc3 {[%clk 0:49:31]} Kf7
{[%clk 0:35:47]} 25. f4 {[%clk 0:48:31]} Bc5+ {[%clk 0:35:33]} 26. Kh2
{[%clk 0:47:21]} Bd6 {[%clk 0:33:16]} 27. Be5 {[%clk 0:46:30]} Rad8
{[%clk 0:32:44]} 28. Rd5 {[%clk 0:38:41]} Bxe5 {[%clk 0:32:20]} 29. Rexe5
{[%clk 0:38:34]} Rxd5 {[%clk 0:32:08]} 30. Rxd5 {[%clk 0:38:58]} Re6
{[%clk 0:32:28]} 31. Rd7+ {[%clk 0:38:52]} Re7 {[%clk 0:32:49]} 32. Rxe7+
{[%clk 0:31:42]} Kxe7 {[%clk 0:32:44]} 33. Kg3 {[%clk 0:31:41]} Kd6
{[%clk 0:33:13]} 34. Kg4 {[%clk 0:31:32]} h6 {[%clk 0:27:22]} 35. f5
{[%clk 0:31:08]} g5 {[%clk 0:25:37]} 36. Kh5 {[%clk 0:31:29]} Ke5
{[%clk 0:26:02]} 37. Kg6 {[%clk 0:31:46]} Kd6 {[%clk 0:26:03]} 38. f6
{[%clk 0:32:11]} Ke6 {[%clk 0:26:10]} 39. f7 {[%clk 0:32:35]} 1-0